00438nam a22001577a 450000500170000001000140001702000250003103500130005603700130006908200120008210000150009424500610010926000370017027000500020730000230025720100726145325.0 aENG-96825 a9788187952183c95.00 aEN-80358 bDBAD/PUB a336.185 aKakar, S C aGlobal slowdown:bthe end of the tunnel? /cby S C Kakar aKolkatabMark-age servicesc2010 aME/5, Niva Park-3 Brahmapur e700096bKolkata a108 pc21 cm (pbk)